00281nam a2200097Ia 4500008004100000100002200041245004900063260004500112300000800157650001800165191201s2005 xx 000 0 und d aMCCARTHY, Michael 0aEnglish Vocabulary in Use Upper Intermediate aN.DelhibCambridge Universty Pressc2005 a296 aGeneral Books